Dodge Car Models Worldwide 2024-25 - Statistics

General Stats
  • This quiz has been taken 627 times
    157 since last reset
  • The average score is 7 of 10
Answer Stats
Hint Answer % Correct
Muscle Car Charger
98%
Muscle Car EV Charger Daytona
98%
Midsize SUV Durango
86%
Sport SUV Durango R/T
86%
Sport SUV Durango SRT
86%
Sport SUV Durango SRT Hellcat
86%
Compact Crossover Hornet
50%
Compact Crossover PHEV Hornet R/T PHEV
50%
Midsize Crossover Journey
37%
Subcompact Sedan Attitude
13%
No matching quizzes found
Score Distribution
Percent of People with Each Score
Percentile by Number Answered
Your Score History
You have not taken this quiz since the last reset